[Event "Bronshoj Lang Weekend 2015"]
[Site "Copenhagen"]
[Date "2015.02.07"]
[Round "2"]
[White "Mikkelsen, Nikolaj"]
[Black "Andersen, Soren Mikkel"]
[Result "1-0"]
[WhiteElo "2447"]
[BlackElo "2119"]
[PlyCount "79"]
[EventDate "2015.??.??"]
[EventType "swiss"]
[EventRounds "7"]
[EventCountry "DEN"]

1. e4 c5 2. Nf3 d6 3. Bb5+ Bd7 4. Bxd7+ Qxd7 5. c4 Nf6 6. Nc3 g6 7. d4 cxd4 8.
Nxd4 Bg7 9. f3 O-O 10. Be3 Rc8 11. b3 Nc6 12. O-O e6 13. Rc1 d5 14. cxd5 exd5
15. Nxc6 bxc6 16. e5 Ne8 17. f4 f6 18. exf6 Nxf6 19. Bd4 Re8 20. Qd3 Ng4 21.
Bxg7 Qxg7 22. Nd1 Rac8 23. b4 Qb7 24. a3 Qb6+ 25. Kh1 Ne3 26. Nxe3 Rxe3 27. Qc2
Re4 28. f5 Qd4 29. fxg6 hxg6 30. Rf3 Qe5 31. Rcf1 Rc7 32. Qf2 Qe7 33. h3 Rd7
34. Rf8+ Kg7 35. Rc8 Rc4 36. Qg3 d4 37. Qb8 Qe6 38. Rh8 g5 39. Qf8+ Kg6 40.
Qh6# 1-0

[Event "Bronshoj Lang Weekend 2015"]
[Site "Copenhagen"]
[Date "2015.02.07"]
[Round "2"]
[White "Nielsen, Klaus"]
[Black "Stojanovski, Sandi"]
[Result "1-0"]
[WhiteElo "2094"]
[BlackElo "2231"]
[PlyCount "111"]
[EventDate "2015.??.??"]
[EventType "swiss"]
[EventRounds "7"]
[EventCountry "DEN"]

1. d4 Nf6 2. Nf3 e6 3. Bg5 h6 4. Bxf6 Qxf6 5. e4 g6 6. e5 Qe7 7. a3 Bg7 8. Nc3
d6 9. Bd3 Nc6 10. exd6 cxd6 11. O-O O-O 12. Qd2 Nxd4 13. Nxd4 Bxd4 14. Qxh6 Bd7
15. Rae1 Bg7 16. Qf4 Bc6 17. h4 d5 18. Qg4 Qf6 19. h5 gxh5 20. Qxh5 Rfd8 21.
Ne2 Kf8 22. c3 Ke7 23. Nd4 Kd7 24. Qg4 Rh8 25. Nxe6 fxe6 26. Rxe6 Rh4 27. Rxf6+
Rxg4 28. Bf5+ Ke7 29. Re6+ Kf7 30. Bxg4 Bd7 31. Rfe1 Bxe6 32. Bxe6+ Kf8 33.
Bxd5 Rd8 34. Rd1 Rd6 35. Rd3 a5 36. a4 Rb6 37. b3 Rd6 38. f4 b6 39. Kf2 Rh6 40.
Kf3 Rh1 41. Kg4 Rc1 42. c4 Bc3 43. Kf5 Bb4 44. g4 Rf1 45. Bf3 Ba3 46. Kg6 Bc1
47. f5 Ke7 48. f6+ Ke6 49. Bd5+ Ke5 50. f7 Rf4 51. Bf3 Rf6+ 52. Kg7 Bh6+ 53.
Kg8 Kf4 54. Bd1 Rg6+ 55. Kh7 Kg5 56. Rd5+ 1-0

[Event "Bronshoj Lang Weekend 2015"]
[Site "Copenhagen"]
[Date "2015.02.07"]
[Round "2"]
[White "Nielsen, Thomas"]
[Black "Mouritsen, Jan"]
[Result "1-0"]
[WhiteElo "1632"]
[BlackElo "1856"]
[PlyCount "113"]
[EventDate "2015.??.??"]
[EventType "swiss"]
[EventRounds "7"]
[EventCountry "DEN"]

1. c4 Nf6 2. g3 e6 3. Bg2 d5 4. e3 Be7 5. Ne2 O-O 6. b3 c5 7. Bb2 Nc6 8. d4
cxd4 9. exd4 b6 10. O-O Bb7 11. Nd2 Rc8 12. Rc1 Nb4 13. Nf4 g5 14. a3 gxf4 15.
axb4 Bxb4 16. c5 Ba6 17. Re1 Bd3 18. gxf4 Bg6 19. Re3 Nh5 20. Rf3 Qf6 21. Nf1
bxc5 22. f5 Bxf5 23. Ng3 Ng7 24. Bh3 cxd4 25. Rxc8 Rxc8 26. Bxd4 Qh6 27. Nxf5
exf5 28. Be3 Qe6 29. Rg3 Bd6 30. Rg2 Bc5 31. Bxc5 Rxc5 32. Rxg7+ Kxg7 33. Qd4+
Qf6 34. Qxc5 Qe5 35. Qxa7 d4 36. Qd7 Qe1+ 37. Bf1 Qe4 38. Qb5 Qg4+ 39. Bg2 Qd1+
40. Qf1 Qc2 41. Qa1 Qc3 42. Qd1 Kf6 43. Bf1 f4 44. Qd3 Qc5 45. Qf3 Qg5+ 46. Bg2
Qe5 47. Kf1 h6 48. Qc6+ Kg7 49. Qd5 Qf6 50. Be4 Qa6+ 51. Kg2 Qf6 52. Qf5 Qd6
53. Kf3 Qc7 54. Qh7+ Kf8 55. Qxh6+ Ke8 56. Qh8+ Ke7 57. Qxd4 1-0

[Event "Bronshoj Lang Weekend 2015"]
[Site "Copenhagen"]
[Date "2015.02.07"]
[Round "2"]
[White "Nielsen, Thomas Bach"]
[Black "Olsen, Michael Richard W"]
[Result "0-1"]
[WhiteElo "2198"]
[BlackElo "2003"]
[PlyCount "70"]
[EventDate "2015.??.??"]
[EventType "swiss"]
[EventRounds "7"]
[EventCountry "DEN"]

1. d4 e6 2. c4 c5 3. d5 e5 4. Nc3 d6 5. e4 Nf6 6. Be2 Be7 7. Nf3 O-O 8. O-O h6
9. a3 Nh7 10. b4 b6 11. Rb1 Kh8 12. Ne1 f5 13. exf5 Bxf5 14. Bd3 Nd7 15. Bxf5
Rxf5 16. Qd3 Qf8 17. Nf3 Qf7 18. Ne4 Rf8 19. bxc5 Nxc5 20. Nxc5 dxc5 21. Bb2
Rxf3 22. Qxf3 Qxf3 23. gxf3 Ng5 24. Kg2 Nxf3 25. Rbe1 Bd6 26. Re3 Nd4 27. Rfe1
Kg8 28. Rxe5 Bxe5 29. Rxe5 Nf5 30. f4 Nd6 31. Re6 Nxc4 32. Be5 Ne3+ 33. Kf3
Nxd5 34. Ke4 Nf6+ 35. Kf5 Kf7 0-1

[Event "Bronshoj Lang Weekend 2015"]
[Site "Copenhagen"]
[Date "2015.02.07"]
[Round "2"]
[White "Nielsen, Viktor"]
[Black "Christensen, Esben"]
[Result "1/2-1/2"]
[WhiteElo "2202"]
[BlackElo "2043"]
[PlyCount "108"]
[EventDate "2015.??.??"]
[EventType "swiss"]
[EventRounds "7"]
[EventCountry "DEN"]

1. e4 c5 2. Nf3 d6 3. d4 cxd4 4. Nxd4 Nf6 5. Nc3 a6 6. Be3 e6 7. Qd2 b5 8. f3
Bb7 9. O-O-O d5 10. e5 Nfd7 11. f4 Nc5 12. Bd3 b4 13. Nce2 Nc6 14. Nxc6 Bxc6
15. Nd4 Rc8 16. Kb1 Nxd3 17. cxd3 Be7 18. Rc1 Bd7 19. Rxc8 Qxc8 20. Nb3 O-O 21.
Rc1 Qb8 22. Bc5 Bxc5 23. Rxc5 Bb5 24. Ka1 f6 25. d4 fxe5 26. dxe5 Bc4 27. Qd4
Qe8 28. Nd2 Qg6 29. Nxc4 dxc4 30. Qxc4 Qxg2 31. Qxe6+ Kh8 32. Rc1 h6 33. Qc4
Qxh2 34. Rf1 g5 35. fxg5 Rxf1+ 36. Qxf1 Qxe5 37. Qf8+ Kh7 38. Qxh6+ Kg8 39.
Qg6+ Kf8 40. Qf6+ Qxf6 41. gxf6 Kf7 42. Kb1 Kxf6 43. Kc2 Ke5 44. Kb3 Kd5 45.
Kxb4 Kc6 46. a4 Kb6 47. a5+ Kc6 48. Kc4 Kd6 49. b3 Kc6 50. b4 Kd6 51. b5 axb5+
52. Kxb5 Kc7 53. a6 Kb8 54. a7+ Kxa7 1/2-1/2

[Event "Bronshoj Lang Weekend 2015"]
[Site "Copenhagen"]
[Date "2015.02.07"]
[Round "2"]
[White "Nilssen, Ellen Fredericia"]
[Black "Gulbrandsen, Mats Lundh"]
[Result "1/2-1/2"]
[WhiteElo "1795"]
[BlackElo "1618"]
[PlyCount "136"]
[EventDate "2015.??.??"]
[EventType "swiss"]
[EventRounds "7"]
[EventCountry "DEN"]

1. d4 Nf6 2. c4 e6 3. Nc3 Bb4 4. Qc2 b6 5. Bg5 O-O 6. a3 Bxc3+ 7. Qxc3 Ne4 8.
Bxd8 Nxc3 9. Bxc7 Ne4 10. f3 Nf6 11. e3 d5 12. Rc1 Bb7 13. Kf2 Nbd7 14. Nh3
Rac8 15. Bd6 Rfe8 16. b4 dxc4 17. Bxc4 Rc6 18. e4 Rec8 19. e5 Ne8 20. Bb5 Rxc1
21. Rxc1 Rxc1 22. Bxd7 Nxd6 23. exd6 Bc6 24. Bc8 Ra1 25. d7 Bxd7 26. Bxd7 Rxa3
27. b5 a5 28. bxa6 Rxa6 29. Bb5 Ra2+ 30. Kf1 Rb2 31. Bd3 Rb4 32. Ke2 Rxd4 33.
Kd2 Ra4 34. Nf2 Ra1 35. Nd1 b5 36. Kc2 b4 37. Be2 Ra3 38. Bc4 g5 39. Bb3 h5 40.
Kb2 Ra5 41. Kc2 Re5 42. Kd2 Kf8 43. Nf2 Ra5 44. Nd3 Ra1 45. Nc1 Ke7 46. Kc2 f5
47. Kb2 Ra5 48. Nd3 Kf6 49. h3 Ra7 50. Nxb4 Rd7 51. Kc3 Rd6 52. Bc2 e5 53. Nd3
Rd4 54. Nf2 g4 55. hxg4 fxg4 56. fxg4 h4 57. Bf5 Rf4 58. Ne4+ Kg7 59. Kd3 Rf1
60. Ke2 Ra1 61. Ng5 Kf6 62. Nf3 Ra2+ 63. Kf1 Ra1+ 64. Kf2 Ra2+ 65. Kg1 Ra1+ 66.
Kh2 Ra4 67. Nd2 Kg5 68. Kh3 Ra1 1/2-1/2

[Event "Bronshoj Lang Weekend 2015"]
[Site "Copenhagen"]
[Date "2015.02.07"]
[Round "2"]
[White "Petersen, Peter Birk"]
[Black "Bekker Jensen, Simon"]
[Result "0-1"]
[WhiteElo "2158"]
[BlackElo "2452"]
[PlyCount "140"]
[EventDate "2015.??.??"]
[EventType "swiss"]
[EventRounds "7"]
[EventCountry "DEN"]

1. e4 c5 2. Nf3 d6 3. d4 cxd4 4. Nxd4 Nf6 5. Nc3 a6 6. Be3 e5 7. Nb3 Be6 8. Be2
Be7 9. O-O O-O 10. Qd2 Nbd7 11. Rad1 b5 12. Bf3 Qc7 13. Nd5 Bxd5 14. exd5 Rfc8
15. c3 Nb6 16. Bxb6 Qxb6 17. Qe2 Bd8 18. Nd2 Qa7 19. g3 Bb6 20. h4 Re8 21. Be4
Qd7 22. Kg2 Ng4 23. Bf3 Nh6 24. Be4 f5 25. Bc2 Ng4 26. Nf3 h6 27. Nh2 Nf6 28.
Qf3 e4 29. Qf4 Re5 30. Rfe1 Kh8 31. Bb3 Rf8 32. Qd2 Ng4 33. Nxg4 fxg4 34. Re2
Qf5 35. Rf1 e3 36. Qc2 exf2 37. Rxe5 Qxe5 38. Qg6 Qf5 39. Qxd6 Bd8 40. Bd1 Qe4+
41. Kh2 Be7 42. Qe6 Qxe6 43. dxe6 h5 44. Kg2 Bc5 45. b4 Be3 46. Bb3 g6 47. Rd1
Kg7 48. Rd7+ Kf6 49. Rf7+ Rxf7 50. exf7 Ke7 51. Bd5 Bd2 52. c4 Bxb4 53. Kxf2
Bc5+ 54. Kg2 b4 55. Bc6 Kxf7 56. Bb7 a5 57. Bc6 Kf6 58. Be8 g5 59. hxg5+ Kxg5
60. Ba4 h4 61. gxh4+ Kxh4 62. Bd1 Kg5 63. Ba4 Kf4 64. Bd7 g3 65. Bc6 Bd6 66.
Ba4 Ke3 67. c5 Bc7 68. Bd7 Kd4 69. c6 a4 70. Bf5 Kc3 0-1

[Event "Bronshoj Lang Weekend 2015"]
[Site "Copenhagen"]
[Date "2015.02.07"]
[Round "2"]
[White "Semcesen, Daniel"]
[Black "Eriksson, Christian Altenburg"]
[Result "1-0"]
[WhiteElo "2466"]
[BlackElo "2147"]
[PlyCount "155"]
[EventDate "2015.??.??"]
[EventType "swiss"]
[EventRounds "7"]
[EventCountry "DEN"]

1. d4 d5 2. Nf3 Nf6 3. c4 dxc4 4. Qa4+ c6 5. Qxc4 Bf5 6. g3 e6 7. Bg2 Nbd7 8.
O-O Be7 9. e3 O-O 10. Qe2 h6 11. Nc3 Ne4 12. Nd2 Nxd2 13. Bxd2 e5 14. d5 cxd5
15. Nxd5 Bd6 16. Rfd1 Be6 17. Bc3 Rc8 18. Rd2 Bxd5 19. Bxd5 Nc5 20. Rad1 Qe7
21. Qg4 Rcd8 22. b3 b6 23. h4 Kh8 24. e4 Nd7 25. Bc4 Nf6 26. Qf5 g6 27. Qf3 Kg7
28. Kg2 Bc7 29. a4 Rxd2 30. Bxd2 Rd8 31. Qe3 Ng8 32. Rc1 Bd6 33. Qe1 Bc5 34.
Bc3 Bd4 35. Bb4 Qb7 36. Qe2 a5 37. Be1 Nf6 38. f3 Bc5 39. Bc3 Bd4 40. Rd1 Qc6
41. Rd3 Qc5 42. Qd1 Rd7 43. Bd2 Qc7 44. Qc1 Ng8 45. Be1 Qc5 46. Qd2 Nf6 47. Bf2
Rd8 48. Qd1 Rd6 49. Qd2 Rd8 50. Qe2 Rd7 51. Be1 Qc7 52. Qd1 Qc5 53. Rd2 Rd8 54.
Qe2 Rd7 55. Rc2 Qd6 56. Bb5 Rc7 57. Rxc7 Qxc7 58. Qc4 Qd6 59. b4 axb4 60. Qxb4
Bc5 61. Qd2 Qc7 62. Qc3 Qd6 63. Qd3 Qc7 64. Bc3 h5 65. Qd2 Qe7 66. Qb2 Bd6 67.
Qd2 Bc7 68. Bb4 Qe6 69. Qc2 Bd6 70. Bd2 Nd7 71. Qc6 Nc5 72. Qxb6 Nb3 73. Be3
Qe7 74. Bc4 Nc5 75. a5 Ne6 76. a6 Nf4+ 77. gxf4 Qxh4 78. Qxd6 1-0

[Event "Bronshoj Lang Weekend 2015"]
[Site "Copenhagen"]
[Date "2015.02.07"]
[Round "2"]
[White "Surender, Anil"]
[Black "Pedersen, Jan Nordenbaek"]
[Result "1/2-1/2"]
[WhiteElo "2062"]
[BlackElo "2198"]
[PlyCount "77"]
[EventDate "2015.??.??"]
[EventType "swiss"]
[EventRounds "7"]
[EventCountry "DEN"]

1. e4 c5 2. Nf3 Nc6 3. d3 g6 4. g3 Bg7 5. Bg2 e6 6. O-O Nge7 7. Nbd2 O-O 8. Re1
d6 9. h4 Rb8 10. Nf1 b5 11. N1h2 b4 12. h5 a5 13. hxg6 fxg6 14. Ng4 e5 15. Nh6+
Kh8 16. Bg5 Qe8 17. c3 Be6 18. Nd2 Nd8 19. Nc4 Nb7 20. Ne3 Nd8 21. Nc4 Nb7 22.
Ne3 Ng8 23. Nxg8 Bxg8 24. Ng4 Nd8 25. c4 Ne6 26. Be3 a4 27. Nh6 Nf4 28. Nxg8
Nxg2 29. Kxg2 Kxg8 30. Rh1 Rb7 31. b3 a3 32. Rh3 Qe6 33. Qe2 Rbf7 34. Rah1 h5
35. Rh4 Bf6 36. R4h3 Bg7 37. Rh4 Bf6 38. R4h3 Bg7 39. Rh4 1/2-1/2

[Event "Bronshoj Lang Weekend 2015"]
[Site "Copenhagen"]
[Date "2015.02.07"]
[Round "3"]
[White "Andersen, Rune"]
[Black "Gossili, Farid"]
[Result "1-0"]
[WhiteElo "2056"]
[BlackElo "1457"]
[PlyCount "55"]
[EventDate "2015.??.??"]
[EventType "swiss"]
[EventRounds "7"]
[EventCountry "DEN"]

1. d4 d5 2. c4 e6 3. Nc3 Nf6 4. Nf3 c5 5. cxd5 Nxd5 6. e4 Nxc3 7. bxc3 cxd4 8.
cxd4 Bb4+ 9. Bd2 Qa5 10. Bd3 Nc6 11. O-O Bxd2 12. Nxd2 Nxd4 13. Nc4 Qc5 14. e5
O-O 15. Re1 Bd7 16. Rc1 Rac8 17. Qd2 Qd5 18. Be4 Qc5 19. Kh1 Rcd8 20. Nd6 Qb6
21. Rb1 Bb5 22. a4 f5 23. Bd3 Rxd6 24. exd6 Qxd6 25. axb5 Rd8 26. Bc4 Kf7 27.
Rbd1 Qb6 28. Rxe6 1-0

[Event "Bronshoj Lang Weekend 2015"]
[Site "Copenhagen"]
[Date "2015.02.07"]
[Round "3"]
[White "Andersen, Soren Mikkel"]
[Black "Kristensen, Lars Ostergaard"]
[Result "1-0"]
[WhiteElo "2119"]
[BlackElo "1660"]
[PlyCount "57"]
[EventDate "2015.??.??"]
[EventType "swiss"]
[EventRounds "7"]
[EventCountry "DEN"]

1. d4 d5 2. c4 e6 3. Nf3 Nf6 4. Bg5 Be7 5. Nc3 O-O 6. e3 c5 7. cxd5 exd5 8. Be2
c4 9. O-O Nc6 10. b3 cxb3 11. Qxb3 Ne4 12. Bxe7 Nxe7 13. Nxe4 dxe4 14. Nd2 Be6
15. Qxb7 Bd5 16. Qa6 Kh8 17. Rfc1 f5 18. g3 Rf6 19. Qa3 g5 20. Bc4 Ng6 21. Bxd5
Qxd5 22. Rc5 Qg8 23. Qb3 Qd8 24. Rac1 h5 25. Qb7 Rf8 26. Rc7 Qf6 27. R1c6 Rab8
28. Rxf6 Rxb7 29. Rxf8+ 1-0

[Event "Bronshoj Lang Weekend 2015"]
[Site "Copenhagen"]
[Date "2015.02.07"]
[Round "3"]
[White "Gulbrandsen, Mats Lundh"]
[Black "Jorgensen, Mikkel"]
[Result "1/2-1/2"]
[WhiteElo "1618"]
[BlackElo "1889"]
[PlyCount "38"]
[EventDate "2015.??.??"]
[EventType "swiss"]
[EventRounds "7"]
[EventCountry "DEN"]

1. d4 Nf6 2. c4 d6 3. Nc3 Nbd7 4. e4 e5 5. Nf3 Be7 6. g3 O-O 7. Bg2 c6 8. O-O
a6 9. a4 a5 10. Qc2 Qc7 11. b3 Re8 12. Ba3 Bf8 13. Rad1 exd4 14. Nxd4 Nc5 15.
Rfe1 Bg4 16. Nde2 Rad8 17. Rd4 Ne6 18. Rd2 Nc5 19. Rd4 Ne6 1/2-1/2

[Event "Bronshoj Lang Weekend 2015"]
[Site "Copenhagen"]
[Date "2015.02.07"]
[Round "3"]
[White "Jensen, Rolf"]
[Black "Nilssen, Ellen Fredericia"]
[Result "0-1"]
[WhiteElo "1673"]
[BlackElo "1795"]
[PlyCount "58"]
[EventDate "2015.??.??"]
[EventType "swiss"]
[EventRounds "7"]
[EventCountry "DEN"]

1. c4 e6 2. g3 d5 3. Bg2 Nf6 4. Nf3 Be7 5. O-O O-O 6. d4 b6 7. cxd5 Nxd5 8. Nc3
Bb7 9. Re1 c5 10. e4 Nf6 11. e5 Nd5 12. Ne4 Na6 13. a3 cxd4 14. Nxd4 Nc5 15.
Qg4 Kh8 16. Be3 Nd3 17. Nf3 Nxe1 18. Rxe1 Nxe3 19. Rxe3 Rc8 20. h4 Rc1+ 21. Kh2
Rc2 22. Nfg5 h6 23. Qh5 Kg8 24. Nd6 Bxd6 25. Bxb7 Bc5 26. Be4 Rxf2+ 27. Kh3
Bxe3 28. Nxf7 R8xf7 29. Qg6 Qd2 0-1

[Event "Bronshoj Lang Weekend 2015"]
[Site "Copenhagen"]
[Date "2015.02.07"]
[Round "3"]
[White "Kyrkjebo, Hanna Bakken"]
[Black "Hansen, Thomas"]
[Result "1-0"]
[WhiteElo "1815"]
[BlackElo "1702"]
[PlyCount "117"]
[EventDate "2015.??.??"]
[EventType "swiss"]
[EventRounds "7"]
[EventCountry "DEN"]

1. e4 c5 2. Nc3 a6 3. g3 b5 4. Bg2 Bb7 5. d3 e6 6. f4 d5 7. Qe2 d4 8. Nd1 g6 9.
Nf3 Bg7 10. O-O Ne7 11. Nf2 O-O 12. e5 Nbc6 13. Ne4 Qb6 14. Nd6 Rad8 15. Ng5
Rxd6 16. exd6 Nf5 17. Ne4 Rd8 18. Bd2 b4 19. Qe1 Nxd6 20. Nxd6 Rxd6 21. Kh1 Ne7
22. Bxb7 Qxb7+ 23. Qe4 Nd5 24. Rac1 Qc8 25. a3 a5 26. axb4 axb4 27. Ra1 Ra6 28.
Rfd1 Qa8 29. Rxa6 Qxa6 30. g4 Qa4 31. b3 Qa2 32. Rc1 Qa6 33. f5 Nf6 34. Qg2 e5
35. fxg6 hxg6 36. Rf1 Qe6 37. h3 Kh7 38. Bg5 Nd5 39. Qf2 f6 40. Bd2 Ne7 41. Qf3
Nd5 42. Ra1 g5 43. Qe4+ Kh6 44. Ra7 Ne7 45. Qb7 Bf8 46. Ra6 Qd5+ 47. Qxd5 Nxd5
48. h4 Kg6 49. Bxg5 Bg7 50. Bxf6 Kf7 51. Bxg7 Kxg7 52. Rc6 Ne3 53. g5 Nxc2 54.
Rxc5 Ne1 55. Rxe5 Nxd3 56. Rd5 Nf2+ 57. Kg2 Ng4 58. Rxd4 Ne3+ 59. Kf3 1-0

[Event "Bronshoj Lang Weekend 2015"]
[Site "Copenhagen"]
[Date "2015.02.07"]
[Round "3"]
[White "Moller, Arne"]
[Black "Kyrkjebo, Marte Bakken"]
[Result "1-0"]
[WhiteElo "1904"]
[BlackElo "1630"]
[PlyCount "105"]
[EventDate "2015.??.??"]
[EventType "swiss"]
[EventRounds "7"]
[EventCountry "DEN"]

1. e4 e5 2. Nf3 Nc6 3. Bb5 a6 4. Ba4 Nf6 5. O-O b5 6. Bb3 Be7 7. Re1 d6 8. c3
O-O 9. h3 Na5 10. Bc2 c5 11. d3 Qc7 12. Nbd2 Nc6 13. Nf1 Nd7 14. Ng3 Nb6 15.
Bd2 Re8 16. Ng5 Bxg5 17. Bxg5 Be6 18. Be3 Ne7 19. d4 a5 20. d5 Bd7 21. b3 c4
22. f4 exf4 23. Bxf4 Ng6 24. Qf3 Nxf4 25. Qxf4 Re5 26. Rf1 f6 27. Rf3 b4 28.
Rc1 cxb3 29. axb3 bxc3 30. Ne2 Qa7 31. Kh2 Rc8 32. Nxc3 Be8 33. Rg3 Bg6 34. Nb5
Qd7 35. Nd4 Ree8 36. Nc6 Ra8 37. Rc3 Nc8 38. Bd3 Rf8 39. Nd4 Bf7 40. Rc7 Qe8
41. Nf3 a4 42. bxa4 Qxa4 43. Qg4 Qe8 44. h4 h5 45. Qg3 Qd8 46. Bb5 Ne7 47. Bd7
Ng6 48. Be6 Ne5 49. Nxe5 fxe5 50. Rd7 Qf6 51. Rcc7 Bxe6 52. Rxg7+ Kh8 53. Rh7#
1-0

[Event "Bronshoj Lang Weekend 2015"]
[Site "Copenhagen"]
[Date "2015.02.07"]
[Round "3"]
[White "Mouritsen, Jan"]
[Black "Haugaard, Thomas"]
[Result "1-0"]
[WhiteElo "1856"]
[BlackElo "1743"]
[PlyCount "111"]
[EventDate "2015.??.??"]
[EventType "swiss"]
[EventRounds "7"]
[EventCountry "DEN"]

1. d4 d5 2. c4 e6 3. Nc3 Nf6 4. cxd5 exd5 5. Bg5 c6 6. Nf3 Be7 7. Qc2 Na6 8. e3
Nc7 9. Bd3 h6 10. Bh4 Bg4 11. Ne5 Be6 12. O-O-O Ng4 13. Bxe7 Qxe7 14. Nxg4 Bxg4
15. Rde1 O-O-O 16. Kb1 Kb8 17. h3 Bc8 18. Na4 g6 19. Rc1 Ne6 20. Qb3 Rd6 21.
Nc5 Nxc5 22. Rxc5 Qf6 23. Qc2 Re8 24. b4 Bf5 25. Bxf5 gxf5 26. b5 cxb5 27. Rxb5
Rc8 28. Qb3 Qe7 29. f3 Qc7 30. Rc5 Rb6 31. Rxc7 Rxb3+ 32. axb3 Rxc7 33. Rc1 Re7
34. Re1 f4 35. e4 Kc7 36. Kc2 f6 37. Kd3 h5 38. Ra1 a6 39. Ra5 Rg7 40. Rc5+ Kb6
41. Rxd5 Rxg2 42. Rd6+ Kb5 43. Rxf6 Rg3 44. Rxf4 Rxh3 45. e5 Rh1 46. Ke2 h4 47.
Kf2 Rh2+ 48. Kg1 Rh3 49. e6 Kc6 50. Re4 Rg3+ 51. Kh2 Rg8 52. f4 Kd5 53. Re5+
Kd6 54. f5 Ke7 55. Kh3 Rg3+ 56. Kxh4 1-0

[Event "Bronshoj Lang Weekend 2015"]
[Site "Copenhagen"]
[Date "2015.02.07"]
[Round "3"]
[White "Pawlak, Wojciech Zbigniew"]
[Black "Holmsgaard, Henrik"]
[Result "0-1"]
[WhiteElo "1736"]
[BlackElo "2275"]
[PlyCount "70"]
[EventDate "2015.??.??"]
[EventType "swiss"]
[EventRounds "7"]
[EventCountry "DEN"]

1. c4 c6 2. g3 d5 3. Bg2 g6 4. Nf3 Bg7 5. O-O e5 6. d3 Ne7 7. Nc3 O-O 8. Qc2 f6
9. b3 Be6 10. Bb2 Nd7 11. e4 Rc8 12. a4 a5 13. Rac1 Re8 14. Ne2 Bh6 15. Rb1 Nc5
16. Bc1 Bf8 17. Nd2 dxc4 18. dxc4 Qd3 19. Qxd3 Nxd3 20. Ba3 Rcd8 21. Rfd1 Rd7
22. Nf1 Red8 23. Ne3 Nc8 24. Bxf8 Kxf8 25. f4 Nb6 26. fxe5 fxe5 27. Rd2 Nc1 28.
Rxd7 Nxe2+ 29. Kf2 Nxd7 30. Kxe2 Nc5 31. Kf3 Rd2 32. g4 Rd3 33. b4 axb4 34.
Rxb4 Bxg4+ 35. Kxg4 Rxe3 0-1

[Event "Bronshoj Lang Weekend 2015"]
[Site "Copenhagen"]
[Date "2015.02.07"]
[Round "3"]
[White "Pedersen, Thorben Landstrom"]
[Black "Kokholm, Daniel"]
[Result "0-1"]
[WhiteElo "1650"]
[BlackElo "1890"]
[PlyCount "44"]
[EventDate "2015.??.??"]
[EventType "swiss"]
[EventRounds "7"]
[EventCountry "DEN"]

1. e4 d6 2. d4 Nf6 3. Bd3 e5 4. d5 c6 5. c4 Be7 6. h3 Nbd7 7. b4 a5 8. Bd2 axb4
9. Bxb4 Qb6 10. Bd2 Nc5 11. Bc3 Nfxe4 12. Bxe4 Nxe4 13. Qe2 Bf5 14. Bb2 Nc5 15.
Bc3 Bxb1 16. Qe3 cxd5 17. cxd5 Bg6 18. Nf3 Nd3+ 19. Kd2 Qxe3+ 20. fxe3 O-O 21.
Rhb1 Nc5 22. Ke2 Bxb1 0-1

[Event "Bronshoj Lang Weekend 2015"]
[Site "Copenhagen"]
[Date "2015.02.07"]
[Round "3"]
[White "Tandrup, Michael"]
[Black "Nielsen, Thomas"]
[Result "1-0"]
[WhiteElo "1958"]
[BlackElo "1632"]
[PlyCount "49"]
[EventDate "2015.??.??"]
[EventType "swiss"]
[EventRounds "7"]
[EventCountry "DEN"]

1. d4 e6 2. c4 d5 3. Nc3 Nf6 4. Nf3 Nbd7 5. e3 Be7 6. Bd3 dxc4 7. Bxc4 O-O 8.
O-O b6 9. a3 Bb7 10. b4 a5 11. b5 Re8 12. Bb2 Bd6 13. Qe2 e5 14. dxe5 Nxe5 15.
Nxe5 Bxe5 16. a4 Qc8 17. Rfd1 Qg4 18. Qxg4 Nxg4 19. h3 Nf6 20. Rac1 Rad8 21. f4
Bxc3 22. Bxc3 Rxd1+ 23. Rxd1 Rxe3 24. Rd8+ Re8 25. Bxf6 1-0

[Event "Bronshoj Lang Weekend 2015"]
[Site "Copenhagen"]
[Date "2015.02.07"]
[Round "3"]
[White "Tolba, Henri"]
[Black "Kyrkjebo, Eirik"]
[Result "1-0"]
[WhiteElo "1753"]
[BlackElo "1636"]
[PlyCount "65"]
[EventDate "2015.??.??"]
[EventType "swiss"]
[EventRounds "7"]
[EventCountry "DEN"]

1. e4 e5 2. Nf3 Nc6 3. Bb5 a6 4. Bxc6 dxc6 5. O-O Bd6 6. d4 Bg4 7. dxe5 Bxf3 8.
Qxf3 Bxe5 9. Qb3 b6 10. Nd2 b5 11. Nf3 Bd6 12. Qc3 Ne7 13. e5 Bxe5 14. Nxe5 Qd5
15. Re1 O-O-O 16. Qf3 Qe6 17. Bf4 Nd5 18. Nd3 Qg6 19. h3 h5 20. Re2 Qf5 21. Re5
Qd7 22. Rxh5 Rhf8 23. Re5 f6 24. Re2 g5 25. Bd2 Rg8 26. g4 Rh8 27. Kg2 Kb8 28.
a4 Rh4 29. axb5 axb5 30. Nc5 Qd6 31. Qa3 Nf4+ 32. Bxf4 Qd5+ 33. f3 1-0

[Event "Bronshoj Lang Weekend 2015"]
[Site "Copenhagen"]
[Date "2015.02.08"]
[Round "4"]
[White "Andersen, Daniel"]
[Black "Pawlak, Wojciech Zbigniew"]
[Result "1-0"]
[WhiteElo "1930"]
[BlackElo "1736"]
[PlyCount "49"]
[EventDate "2015.??.??"]
[EventType "swiss"]
[EventRounds "7"]
[EventCountry "DEN"]

1. c4 Nf6 2. Nc3 g6 3. e4 d6 4. d4 Bg7 5. f3 O-O 6. Be3 e5 7. Nge2 Na6 8. Qd2
c5 9. d5 Ne8 10. g4 f5 11. gxf5 gxf5 12. exf5 Bxf5 13. Ng3 Bg6 14. Be2 Nb4 15.
Nce4 Nf6 16. a3 Nxe4 17. fxe4 Qa5 18. Rc1 Nc6 19. dxc6 Qxd2+ 20. Kxd2 bxc6 21.
h4 h6 22. h5 Bh7 23. Bg4 Rf4 24. Bxf4 exf4 25. Nf5 1-0

[Event "Bronshoj Lang Weekend 2015"]
[Site "Copenhagen"]
[Date "2015.02.08"]
[Round "4"]
[White "Christensen, Esben"]
[Black "Andersen, Soren Mikkel"]
[Result "1/2-1/2"]
[WhiteElo "2043"]
[BlackElo "2119"]
[PlyCount "31"]
[EventDate "2015.??.??"]
[EventType "swiss"]
[EventRounds "7"]
[EventCountry "DEN"]

1. e4 c5 2. Nf3 d6 3. d4 cxd4 4. Nxd4 Nf6 5. Nc3 a6 6. Be3 e6 7. Be2 Be7 8. O-O
O-O 9. Kh1 Qc7 10. f4 Nc6 11. Bf3 Re8 12. g4 Nxd4 13. Bxd4 e5 14. Be3 exf4 15.
Bxf4 Be6 16. g5 1/2-1/2

[Event "Bronshoj Lang Weekend 2015"]
[Site "Copenhagen"]
[Date "2015.02.08"]
[Round "4"]
[White "Gossili, Farid"]
[Black "Mouritsen, Jan"]
[Result "1-0"]
[WhiteElo "1457"]
[BlackElo "1856"]
[PlyCount "69"]
[EventDate "2015.??.??"]
[EventType "swiss"]
[EventRounds "7"]
[EventCountry "DEN"]

1. c4 e6 2. Nc3 d5 3. d4 Nf6 4. Nf3 c6 5. c5 b6 6. b4 a5 7. Na4 Nbd7 8. Bd2 b5
9. Nb2 axb4 10. Bxb4 e5 11. e3 e4 12. Nd2 Be7 13. Be2 O-O 14. a4 bxa4 15. Rxa4
Bb7 16. Rxa8 Qxa8 17. O-O Ba6 18. f3 exf3 19. Nxf3 Rb8 20. Bxa6 Qxa6 21. Nd3
Ne4 22. Be1 Qa3 23. Bf2 Rb3 24. Nfe5 Nxe5 25. Nxe5 Qa4 26. Nxc6 Nxf2 27. Nxe7+
Kf8 28. Rxf2 Qb5 29. Qf3 Rb1+ 30. Rf1 Kxe7 31. Qxf7+ Kd8 32. Qf8+ Kc7 33. Qxg7+
Kb8 34. Qg8+ Ka7 35. Qxh7+ 1-0

[Event "Bronshoj Lang Weekend 2015"]
[Site "Copenhagen"]
[Date "2015.02.08"]
[Round "4"]
[White "Hansen, Thomas"]
[Black "Jensen, Rolf"]
[Result "0-1"]
[WhiteElo "1702"]
[BlackElo "1673"]
[PlyCount "64"]
[EventDate "2015.??.??"]
[EventType "swiss"]
[EventRounds "7"]
[EventCountry "DEN"]

1. d4 f5 2. c4 Nf6 3. Nc3 e6 4. e3 Be7 5. Bd3 O-O 6. Nge2 d6 7. O-O Nc6 8. a3
Bd7 9. Qc2 Qe8 10. b4 Bd8 11. Bd2 Ne7 12. e4 h6 13. c5 a6 14. Rfe1 Ng4 15. f3
Nf6 16. a4 dxc5 17. bxc5 fxe4 18. fxe4 b6 19. cxb6 cxb6 20. d5 Bc7 21. h3 Qh5
22. Bf4 Bxf4 23. Nxf4 Qe5 24. Nxe6 Bxe6 25. dxe6 Rac8 26. Rac1 Nh5 27. Qb3 Qd4+
28. Kh2 Qxd3 29. Red1 Qg3+ 30. Kh1 Rf2 31. Rg1 Nf4 32. Rc2 Rxc2 0-1